Представление документа в формате RUSMARC

ПолеНазваниеЗначение
  Тип записи a
  Библиографический уровень a
001 Контрольный номер RU/CBS_UL/BASE/4f8cb7c77ebe4330b1c3183916b2ab40
005 Дата корректировки 20250321150632.3
100 Данные общей обработки __
a Данные общей обработки 20250321 ||| 0rusy0189 ca
101 Язык документа 0_
a Язык текста rus
102 Страна публикации __
a Страна публикации RU
200 Заглавие и сведения об ответственности 1_
a Заглавие Бабушка с характером
e Сведения, относящиеся к заглавию [советский фильм "Осторожно, бабушка!"]
f Первые сведения об ответственности М. Конюкова
300 Общие примечания __
a Общие примечания 16+
461 Уровень набора _0
1 2000
a Тайны СССР
463 Уровень физической единицы _0
1 2000
a № 4
v С. 16-17 : фото
1 2101
d 2025
1 001RU/CBS_UL/BASE/7c107a6106bc4e12989734a7f1aa07f4
600 Персоналии _1
a Персоналии (Фамилия) Кошеварова
b Персоналии (Имя, инициалы) Н. Н.
600 Персоналии _1
a Персоналии (Фамилия) Раневская
b Персоналии (Имя, инициалы) Ф. Г.
606 Тематические рубрики 0_
a Основная рубрика Кино - СССР
610 Ключевые слова 0_
a Ключевые слова фильмы
610 Ключевые слова 0_
a Ключевые слова советские фильмы
610 Ключевые слова 0_
a Ключевые слова фильмы советские
610 Ключевые слова 0_
a Ключевые слова кино
610 Ключевые слова 0_
a Ключевые слова кино в СССР
610 Ключевые слова 0_
a Ключевые слова кинокомедии
610 Ключевые слова 0_
a Ключевые слова советские кинокомедии
610 Ключевые слова 0_
a Ключевые слова кинокомедии советские
610 Ключевые слова 0_
a Ключевые слова легенды советского кино
610 Ключевые слова 0_
a Ключевые слова Осторожно, бабушка! (фильмы)
686 Индексы других классификаций __
2 Код системы rubbk
a Классификационный индекс 85.374.3(2)6
700 Автор _1
a Фамилия Конюкова
b Имя (инициалы) М.
801 Источник записи _0
a Страна RU
b Организация МБУК ЦБС г. Ульяновска
c Дата составления 20250321
g Правила каталогизации RCR
801 Источник записи _1
a Страна RU
b Организация МБУК ЦБС г. Ульяновска
c Дата составления 20250321
g Правила каталогизации RCR
901 Тип документа __
t Тип документа b
w Контрольный № источника RU/CBS_UL/BASE/7c107a6106bc4e12989734a7f1aa07f4
909 Создатель записи __
a Создатель записи lib2